000
00292nam a2200133Ia 4500
005
20260328104305.0
008
260328s9999||||xx |||||||||||||| ||und||
100
_a
Morphosis
245
0
_a
Morphosis /
_c
Morphosis
260
_b
GA
300
_a
141 p.
650
_a
ARQUITECTOS
942
_c
BK
999
_c
10739
_d
10739